000 00524nam a2200169Ia 4500
005 20250401131103.0
008 231217s9999 xx 000 0 und d
020 _a9788174468451
082 _a331.2598 SAH;1 R
100 _aSahu, R K.
245 0 _aDisciplinary actions : concepts, process, procedures and formats with illustrations
250 _a1st ed.
260 _c2010
_bExcel Books
_aNew Delhi
300 _aviii, 284
650 _aDisciplinary,actions,concepts,,process,,formats,illustrations
942 _cAA
999 _c189570
_d189570